Every Manchester United Goal Scorer in the 1996/97 Premier League - Statistics

General Stats
  • This quiz has been taken 19 times
  • The average score is 54 of 70
Answer Stats
Game Scorer % Correct
Wimbledon (A) Beckham
100%
Derby County (A) Beckham
100%
Liverpool (H) Beckham
100%
Southampton (A) Beckham
100%
West Ham United (A) Beckham
100%
Nottingham Forest (A) Beckham
100%
Tottenham Hotspur (A) Beckham
100%
Chelsea (A) Beckham
100%
Middlesbrough (H) G. Neville
100%
Middlesbrough (A) Keane
100%
Middlesbrough (H) Keane
100%
Nottingham Forest (H) Giggs
95%
Coventry City (A) Giggs
95%
Wimbledon (H) Giggs
95%
Southampton (A) Scholes
89%
Sheffield Wednesday (A) Scholes
89%
Blackburn Rovers (A) Scholes
89%
Leeds United (A) Butt
79%
Leicester City (H) Butt
79%
Leicester City (H) Butt
79%
Sunderland (H) Butt
79%
Nottingham Forest (A) Butt
79%
Wimbledon (A) Cantona
79%
Leeds United (A) Cantona
79%
Nottingham Forest (H) Cantona
79%
Nottingham Forest (H) Cantona
79%
Sunderland (H) Cantona
79%
Sunderland (H) Cantona
79%
Leeds United (H) Cantona
79%
Southampton (H) Cantona
79%
Everton (A) Cantona
79%
Derby County (H) Cantona
79%
Blackburn Rovers (A) Cantona
79%
Blackburn (H) Solskjaer
79%
Nottingham Forest (H) Solskjaer
79%
Tottenham Hotspur (H) Solskjaer
79%
Tottenham Hotspur (H) Solskjaer
79%
Leicester City (H) Solskjaer
79%
West Ham United (A) Solskjaer
79%
Sunderland (H) Solskjaer
79%
Sunderland (H) Solskjaer
79%
Nottingham Forest (A) Solskjaer
79%
Tottenham Hotspur (A) Solskjaer
79%
Coventry City (A) Solskjaer
79%
Arsenal (A) Solskjaer
79%
Everton (A) Solskjaer
79%
Derby County (H) Solskjaer
79%
Leicester City (A) Solskjaer
79%
Leicester City (A) Solskjaer
79%
Middlesbrough (H) Solskjaer
79%
West Ham United (H) Solskjaer
79%
Nottingham Forest (A) Cole
74%
Wimbledon (H) Cole
74%
Arsenal (A) Cole
74%
Sheffield Wednesday (H) Cole
74%
Blackburn Rovers (A) Cole
74%
Liverpool (A) Cole
74%
Wimbledon (A) Irwin
74%
Southampton (H) Pallister
68%
Liverpool (A) Pallister
68%
Liverpool (A) Pallister
68%
Southampton (A) May
47%
Chelsea (H) May
47%
Middlesbrough (A) May
47%
Everton (H) Cruyff
32%
Blackburn (H) Cruyff
32%
West Ham United (H) Cruyff
32%
Leeds United (A) Poborsky
26%
Coventry City (H) Poborsky
26%
Sheffield Wednesday (H) Poborsky
26%
No matching quizzes found
Score Distribution
Percent of People with Each Score
Percentile by Number Answered
Your Score History
You have not taken this quiz